Baka Prase All Songs - Statistics

General Stats
  • This quiz has been taken 43 times
    9 since last reset
  • The average score is 24 of 54
Answer Stats
Year Song Feat Views % Correct
2026 Betmen Choda ?
100%
2024 VVS Voyage 20m
100%
2020 Ona Ona - 15m
88%
2018 Autotune - 9.9m
75%
2018 Bleja u Turskoj - 14m
75%
2018 Hasl Choda 18m
75%
2022 MPQRC - ?
75%
2019 Ono Moje - 26m
75%
2019 Paketici Choda 9.7m
75%
2019 Poni - 17m
75%
2022 Tokyo - 15m
75%
2018 Balkanska Scena Lazic 24m
63%
2019 Balkanska Scena 2 Lazic 12m
63%
2020 Blamage - 17m
63%
2020 Korona - 15m
63%
2020 Licna - 9.2m
63%
2021 Obi - 2.4m
63%
2017 Prvi Seks Unuci 4.1m
63%
2019 Drug - 13m
50%
2020 Dubai - 10m
50%
2018 Gradski Prevoz Najbolji Ortaci 6.2m
50%
2019 Imam Vremena Za To - 8.7m
50%
2023 Juzni Vetar - 4.4m
50%
2020 Macan - 15m
50%
2018 Teretana Unuci 7.9m
50%
2019 Ahilej Najbolji Ortaci, Choda 4.7m
38%
2017 Disstrack Na Skolu Unuci 5.1m
38%
2018 Godina - 7.5m
38%
2019 Jel Te Nije Blam - ?
38%
2018 Kolko Si Jadan - 8.3m
38%
2016 OTP Yasuo - 3.1m
38%
2018 Pariz Lazic 4.9m
38%
2018 Saim Se - 8.2m
38%
2019 Vesti - 8.3m
38%
2017 Banovan Yasuo Natalija 3.7m
25%
2017 Dzumandzi i Juka Disstrack - 3.5m
25%
2019 Generacija Z JoomBoos 7.5m
25%
2019 Hej Hej Hej - 2.1m
25%
2017 Malo Paznje - 5.7m
25%
2020 Sve Vas Volim - 8.8m
25%
2017 Tipovi Ljudi u LoLu - 2.4m
25%
2020 Vudu Fox 3.7m
25%
2017 Youtube Sudbina Jacks, Petra P. 5m
25%
2021 Zovi Tatu - 3.8m
25%
2017 AD Carry Jacks 2.6m
13%
2016 Bili Baku? - 2.6m
13%
2016 Challenger vs Bronze Jacks 1.7m
13%
2020 Deda Mraz Disstrack (Deda Gmaz) - 1.4m
13%
2017 Dzumandzi Je Picka - 1.7m
13%
2017 EBL - 2.5m
13%
2017 Nova Godina, Novi Ja - 1.4m
13%
2017 Tim Je Los - 1.4m
13%
2017 OTP Yasuo Remastered - 4.6m
0%
2017 Ribe - ?
0%
No matching quizzes found
Score Distribution
Percent of People with Each Score
Percentile by Number Answered
Your Score History
You have not taken this quiz since the last reset